Formes de pays insulaires - Statistiques

Statistiques générales
  • Ce quiz a été pris 117 fois
  • Le résultat moyen est 24 sur 47
Statistiques - réponses
Par images Réponse % Correct
Japon
100%
Royaume-Uni
100%
Indonésie
99%
Islande
97%
Chypre
94%
Madagascar
94%
Cuba
90%
Irlande
88%
Nouvelle-Zélande
87%
Papouasie-Nouvelle- Guinée
83%
Philippines
83%
Sri Lanka
83%
Taïwan
77%
Haïti
74%
Jamaïque
61%
Trinité-et-Tobago
61%
Malte
58%
Maldives
54%
Bahamas
52%
Nauru
45%
Micronésie
43%
Timor oriental
43%
Singapour
42%
Vanuatu
42%
Cap-Vert
41%
Fidji
41%
République dominicaine
41%
Brunei
39%
Sao Tomé-et-Principe
35%
Kiribati
33%
Saint-Christophe-et-Niévès
32%
Salomon
30%
Sainte-Lucie
29%
Antigua-et-Barbuda
28%
Comores
26%
Barbade
25%
Îles Marshall
25%
Samoa
25%
Dominique
23%
Bahreïn
22%
Grenade
20%
Palaos
20%
Tonga
20%
Saint-Vincent-et-les-Grenadines
19%
Tuvalu
17%
Maurice
16%
Seychelles
14%
Aucun quiz correspondant
Distribution des résultats
% des personnes avec chaque résultat
Percentile par nombre de réponses
Votre historique - résultats
Vous n’avez pas pris ce quiz